000 00273nam a22001217a 4500
020 _a9780136008836
041 _aeng
080 _a10
090 _bFAL
100 _aFalikowsky, Anthony F.
245 _aMoral Philosophy: Theories, Skills and Applications.
999 _c282046
_d282046
942 _cBK